00562nam a2200181Ia 4500003000900000008004100009040001600050080001200066100002600078245008600104250001200190260004000202300001400242650001400256942000700270999001500277952008800292IN-BaIIA211028s9999 xx 000 0 eng d cIIA Library a54bMAH aMahan, Bruce H910095 0aUniversity chemistrycBruce H Mahan  a3rd ed. aMassachusettsbAddison-Wesleyc1977 axv, 894p. aChemistry cBK c5829d5829 00104070aBANbBANcGENd1978-06-13l0o54/ MAHp6520r2021-11-05w1978-06-13yBK